| 000 | 01036nam a22003017a 4500 | ||
|---|---|---|---|
| 003 | CHAP | ||
| 005 | 20220329135944.0 | ||
| 008 | 971013s r 00010 d | ||
| 010 | _a44652 | ||
| 011 | _a45624 | ||
| 035 | _a49763 | ||
| 040 | _cCHAP | ||
| 082 |
_a630.72 _bI52p |
||
| 110 |
_aINIA. México. Centro de Investigaciones Agrícolas del Sureste _958563 |
||
| 245 | _aProyectos de investigación, 19 - | ||
| 260 |
_a(s.l.) : _bEl Instituto, _c19 - |
||
| 500 | _aLa biblioteca tiene: 1974-75 | ||
| 590 |
_aBATCH-UPD _b10 _c20130110 _lUCH01 _h1015 |
||
| 590 |
_aBATCH-UPD _b10 _c20130410 _lUCH01 _h0622 |
||
| 590 |
_aBATCH-UPD _b10 _c20130913 _lUCH01 _h2104 |
||
| 590 |
_aCONVERSION _b10 _c20130109 _lUCH01 _h1324 |
||
| 650 | 1 | 4 |
_aAgricultura _xInvestigación _xMéxico. _91643 |
| 650 | 1 | 4 |
_aAgricultura _zMéxico. _91932 |
| 901 | _aBK | ||
| 942 | _cLIBRO | ||
| 949 |
_a630.72 I52p _bBC _cLIBRO _d33724000040192 _eLIBRO _f1974-75 c.2 _h36028 _i49763 _si |
||
| 949 |
_a630.72 I52p _bBC _cLIBRO _d33724000040200 _eLIBRO _f1974-75 _h33816 _i49763 _si |
||
| 999 |
_c44652 _d44652 |
||